| 000 | 00721nam a2200217 a 4500 | ||
|---|---|---|---|
| 005 | 20210223120502.0 | ||
| 008 | 991125s1977 es 000 0 spa u | ||
| 020 | _a847031033X | ||
| 035 | _aUPN01000002112 | ||
| 049 | _aCG | ||
| 050 | 4 |
_aHX239 _bB7.28 |
|
| 100 | 1 |
_aBrandt, Willy, _d1913-1992 _99381 |
|
| 245 | 1 | 3 |
_aLa alternativa socialdemócrata : _bcartas y conversaciones / _cWilly Brandt, Bruno Kreisky, Olof Palme ; tr. Joan-Josep Navarro Arisa. |
| 260 |
_aBarcelona, Esp. : _bBlume, _c1977. |
||
| 300 | _a184 p. | ||
| 440 | 0 |
_aLeviatán. _pPolítica ; _v6 |
|
| 650 | 4 |
_aSOCIALISMO EN EUROPA _915086 |
|
| 700 | 1 |
_aKreisky, Bruno, _d1911-1990, _ecoaut. |
|
| 700 | 1 |
_aPalme, Olof, _d1927-1986, _ecoaut. |
|
| 905 | _aLibro | ||
| 999 |
_c2112 _d2112 |
||